| 000 | 01920cam a22004334i 4500 | ||
|---|---|---|---|
| 003 | PE-LiUPU | ||
| 005 | 20250731173327.0 | ||
| 008 | 150625s2008 pe a rb 000 0 spa d | ||
| 035 | _a(Sirsi) a39275 | ||
| 040 |
_aPE-LiUPU _bspa _cPE-LiUPU _erda |
||
| 082 | 0 | 4 |
_a225.07 _bW32 _221 |
| 100 | 1 |
_aWatanabe Maruyama, José A., _eautor. |
|
| 245 | 1 | 3 |
_aUn método exegético para las cartas del Nuevo Testamento / _cJosé A. Watanabe Maruyama. |
| 264 | 1 |
_aLima : _bCronos Color, _c2008. |
|
| 300 |
_a114 páginas : _bilustraciones ; _c21 centímetros |
||
| 336 |
_atext _2rdacontent |
||
| 337 |
_aunmediated _2rdamedia |
||
| 338 |
_avolume _2rdacarrier |
||
| 504 | _aIncluye bibliografía. | ||
| 505 | 0 | _aAspectos teóricos de la comunicación -- La comunicación en el NT -- En cuanto al idioma -- Los modelos de cartas del contexto cultural del NT -- Las cartas greco-romanas -- Epistolografía Aramea y Judía -- Epistolografía del NT -- Análisis literario temático: el cuerpo de la carta -- Propuesta de un método exegético (marco teórico) -- Un ejemplo aplicado del método (Filemón). | |
| 526 | _aSEG42 | ||
| 526 | _aSEG41 | ||
| 526 | _aSEG40 | ||
| 526 | _aSEG39 | ||
| 526 | _aP94 | ||
| 526 | _aP87 | ||
| 526 | _aP86 | ||
| 526 | _aP85 | ||
| 526 | _aP77 | ||
| 526 | _aP76 | ||
| 526 | _aP35 | ||
| 541 | _g001-0019174; | ||
| 630 | 0 | 4 |
_aBiblia. _pN.T. _pEpístolas _xInvestigación _vMetodología. |
| 910 |
_agl _bjv _clch _d20081030 |
||
| 942 |
_2ddc _cBOOK |
||
| 949 |
_a225.07 W32 _wDEWEY _c1 _i58780 _lCCODEBUL1 _mBUL _p5.00 _r0 _sY _tBOOK _u2015-06-25 _xTEOLOGIA _zUNKNOWN _0COMPRA _o.STAFF. Colección Teología |
||
| 596 | _a1 | ||
| 999 |
_a225.07 W32 _wDEWEY _c47639 _i58780 _d47639 _e2016-4-13 _f2021-11-9 _g4 _lCCODEBUL1 _mBUL _n1 _p5.00 _q1 _r0 _sY _tBOOK _u2015-6-25 _xTEOLOGIA _PP35 _0COMPRA _o.STAFF. Colección Teología |
||
| 980 |
_81 _gALBERTO SANCHEZ Responsable de Automatización |
||